=LDR 00000nam 2200000 4500 =001 INLIS000000000033241 =005 20130612135216 =008 ***********************************ind** =035 ##$$0010-061300000033241 =041 ##$$a ind =082 ##$$a 418 =090 ##$$a 418, Nur,p =100 ##$$a Nurjamal, Daeng =245 ##$$a Penuntun Perkuliahan Bahasa Indonesia, Untuk Memandu Acara Mc,Moderator, Karya Tulis Akademik, dan Surat Menyurat, Daeng Nurjamal, Warta Sumirat =260 ##$$a 2010 $b Bandung =300 ##$$a xx,227 hlm., 24 cm =650 ##$$a Bahasa Indonesia-Percakapan =700 ##$$a Sumirat,Warta =850 ##$$a NBPNMAT =990 ##$$a 21195802/BPAP-NTB/2014 =990 ##$$a 21400295/BPAP-NTB/2014 =990 ##$$a 0001/BPAP-NTB/20142015